000 00432nam a2200181Ia 4500
001 2339
005 20260306144759.0
008 260306t2006||||xx |||||||||||||| ||spa||
041 _aESP
082 _a616.89
_bA32
100 _aAgüera Ortiz, Luis (ed.)
_eAUT
245 0 _aPsiquiatría geriátrica
260 _c2006
300 _axxix, 1048 páginas :
_c24 cm.
650 _aGEN
654 _aCPS
942 _cLIB
_dJUS
_fJUS
_2ddc
_n
999 _c2339
_d2339